Comuni della Provincia di Pavia (con mappa) - Statistics

Statistiche generali
  • Questo quiz è stato fatto 54 volte
    31 dall'ultimo reset
  • Il punteggio medio è 62 su 184
Risposte nella Mappa
Le risposte nella mappa del quiz sottostante sono codificate secondo una scala di colori dal rosso al verde in base alla % di persone che hanno risposto correttamente.
 
Statistiche sulle risposte
Risposta % Corretto
Pavia
100%
Vigevano
88%
Garlasco
85%
Stradella
85%
Casteggio
81%
Certosa di Pavia
81%
Voghera
81%
Broni
77%
Gambolò
73%
San Martino Siccomario
73%
Varzi
73%
Dorno
69%
Belgioioso
65%
Mortara
65%
Sannazzaro de' Burgondi
65%
Bereguardo
62%
Casei Gerola
62%
Cava Manara
62%
Godiasco Salice Terme
62%
Gropello Cairoli
62%
Lomello
58%
Siziano
58%
Vidigulfo
58%
Zavattarello
58%
Bressana Bottarone
54%
Casatisma
54%
Mede
54%
Santa Margherita di Staffora
54%
Zerbo
54%
Zinasco
54%
Montebello della Battaglia
50%
Rivanazzano Terme
50%
Scaldasole
50%
Carbonara al Ticino
46%
Ponte Nizza
46%
Sartirana Lomellina
46%
Silvano Pietra
46%
Torrazza Coste
46%
Travacò Siccomario
46%
Tromello
46%
Zerbolò
46%
Borgarello
42%
Brallo di Pregola
42%
Casorate Primo
42%
Ferrera Erbognone
42%
Mezzana Bigli
42%
Pieve del Cairo
42%
Rocca Susella
42%
San Zenone al Po
42%
Castelletto di Branduzzo
38%
Chignolo Po
38%
Cura Carpignano
38%
Fortunago
38%
Landriano
38%
Lungavilla
38%
Miradolo Terme
38%
Montalto Pavese
38%
Ottobiano
38%
Parona
38%
Santa Giuletta
38%
Santa Maria della Versa
38%
Sommo
38%
Trivolzio
38%
Albuzzano
35%
Bagnaria
35%
Cervesina
35%
Giussago
35%
Menconico
35%
San Genesio ed Uniti
35%
San Giorgio di Lomellina
35%
Suardi
35%
Val di Nizza
35%
Vellezzo Bellini
35%
Verrua Po
35%
Arena Po
31%
Bascapè
31%
Breme
31%
Canneto Pavese
31%
Cassolnovo
31%
Cecima
31%
Cilavegna
31%
Codevilla
31%
Copiano
31%
Corana
31%
Corteolona e Genzone
31%
Filighera
31%
Frascarolo
31%
Linarolo
31%
Marcignago
31%
Marzano
31%
Monticelli Pavese
31%
Pieve Albignola
31%
Pinarolo Po
31%
Retorbido
31%
Robecco Pavese
31%
Rovescala
31%
Santa Cristina e Bissone
31%
Torre de' Negri
31%
Torre d'Isola
31%
Torrevecchia Pia
31%
Alagna
27%
Badia Pavese
27%
Battuda
27%
Borgoratto Mormorolo
27%
Bornasco
27%
Campospinoso Albaredo
27%
Gambarana
27%
Gerenzago
27%
Gravellona Lomellina
27%
Palestro
27%
Pietra de' Giorgi
27%
Pieve Porto Morone
27%
Pizzale
27%
Redavalle
27%
Spessa
27%
Torre d'Arese
27%
Verretto
27%
Villanterio
27%
Zeme
27%
Bastida Pancarana
23%
Castello d'Agogna
23%
Ceranova
23%
Golferenzo
23%
Lardirago
23%
Magherno
23%
Mezzanino
23%
Montesegale
23%
Montù Beccaria
23%
Portalbera
23%
Robbio
23%
Rocca de' Giorgi
23%
Romagnese
23%
Torre Beretti e Castellaro
23%
Vistarino
23%
Zeccone
23%
Albonese
19%
Borgo Priolo
19%
Borgo San Siro
19%
Colli Verdi
19%
Corvino San Quirico
19%
Mornico Losana
19%
Olevano di Lomellina
19%
Roncaro
19%
San Cipriano Po
19%
Sant'Alessio con Vialone
19%
Torricella Verzate
19%
Trovo
19%
Valle Salimbene
19%
Villanova d'Ardenghi
19%
Barbianello
15%
Calvignano
15%
Candia Lomellina
15%
Cigognola
15%
Cornale e Bastida
15%
Costa de' Nobili
15%
Galliavola
15%
Inverno e Monteleone
15%
Mezzana Rabattone
15%
Nicorvo
15%
Oliva Gessi
15%
Pancarana
15%
Rea
15%
Rognano
15%
San Damiano al Colle
15%
Valle Lomellina
15%
Villa Biscossi
15%
Bosnasco
12%
Casanova Lonati
12%
Castana
12%
Confienza
12%
Montecalvo Versiggia
12%
Montescano
12%
Volpara
12%
Zenevredo
12%
Castelnovetto
8%
Cozzo
8%
Langosco
8%
Rosasco
8%
Sant'Angelo Lomellina
8%
Valeggio
8%
Ceretto Lomellina
4%
Cergnago
4%
Semiana
4%
Velezzo Lomellina
4%
Nessun quiz corrispondente trovato
Distribuzione punteggi
Percentuale di utenti per punteggio
Percentile per numero di risposta
I tuoi punteggi nel tempo
Non hai fatto questo quiz dall'ultimo reset